История России #21: Павел I - Statistics

General Stats
  • This quiz has been taken 42 times
    40 since last reset
  • The average score is 11 of 28
Answer Stats
Вопрос Ответ % Correct
Руководитель русской армииво время альпийских походов А.В. Суворов
79%
Манифест о трехдневной барщине 1797
76%
Британская колония, к военному вторжению в которую начал готовится Павел I в 1800 Индия
66%
Окончательное вхождение Грузиив состав России 1801
66%
Предметы, участвовавшие вубийстве Павла Табакерка, шарф
62%
Указ о престолонаследии 1797
59%
Итальянский и Швейцарский походрусской армии 1799
55%
Присоединение Аляски и Алеутских островов 1799
45%
Взятие Корфу 1799
45%
Дворец, подаренный Екатериной IIПавлу в 1783 Большой Гатчинскийдворец
45%
Место, где Павел был убит Михайловскийзамок
45%
Основная административно- территориальная единица, введенная Павлом в 1796-1797 Губерния
41%
Адмирал, руководившей средиземноморской экспедицией Ф.Ф. Ушаков
41%
Глава заговора 1801 года, ближайший приближенный Павла I, Петербургский градоначальник П.А. Пален
41%
Дата убийства Павла I Ночь с 11.03 на 12.03
38%
Основатель Одессы, испанец, адмирал, участник заговора 1801 О.М. Дерибас
34%
Запрет продавать крестьян без земли 1798
34%
Запрет на ввоз иностранной литературы и отправку студентов за границу 1800
34%
Известнейший собор Петербурга,заложенный в 1801 Казанский собор
24%
Инженерный объект, ставший местом крупнейшей битвы Швейцарского похода Чертов мост
24%
Идейный вдохновитель заговора1801, приближенный Павла I, попавший в опалу незадолго до убийства императора Н.П. Панин
21%
Столица русской Аляски Ново-Архангельск
17%
Первая резиденция Павла, впоследствии подаренная им жене Павловский дворец
17%
Война II антифранцузской коалиции 1798-1801
17%
Деревня, при которой состояласькрупнейшая битва Итальянского похода Нови
14%
Английский поданный, участникзаговора 1801 года, генерал, будущий герой войны 1812 года Л.Л. Беннигсен
10%
Крепость в первой резиденции Павла, называемая так же Бип или Бибс Мариенталь
7%
Законодательный акт, принятыйв 1797, регулирующий статус членов династии Романовых Учреждение обимператорской фамилии
7%
No matching quizzes found
Score Distribution
Percent of People with Each Score
Percentile by Number Answered
Your Score History
You have not taken this quiz since the last reset